Sports Quiz

Random Sports or NFL Quiz

NFL teams by championship qb Quiz Stats

 Plays Quiz not verified by Sporcle

Challenge
Share
Tweet
Embed
Score 0/26 Timer 04:00
0 Plays Today
quarterback team % Correct
Drew BreesNew Orleans Saints
97.4%
Tom BradyNew England Patriots
97.4%
Russell WilsonSeattle Seahawks
97.4%
Roger StaubachDallas Cowboys
96.1%
Steve YoungSan Francisco 49ers
96.1%
John ElwayDenver Broncos
96.1%
Joe NamathNew York Jets
94.8%
Terry BradshawPittsburgh Steelers
93.5%
Bob GrieseMiami Dolphins
92.2%
John UnitasBaltimore Colts
92.2%
Jim PlunkettOakland Raiders
92.2%
Trent DilferBaltimore Ravens
90.9%
Mark RypienWashington Redskins
89.6%
quarterback team % Correct
Brad JohnsonTampa Bay Buccaneers
89.6%
Len DawsonKansas City Chiefs
87%
Jack KempBuffalo Bills
72.7%
Bobby LayneDetroit Lions
70.1%
George BlandaHouston Oilers
66.2%
Charlie ConerlyNew York Giants
61%
Bill WadeChicago Bears
58.4%
Bob WaterfieldCleveland Rams
57.1%
Tommy ThompsonPhiladelphia Eagles
55.8%
Frank RyanCleveland Browns
54.5%
Pat HarderChicago Cardinals
48.1%
Tobin RoteSan Diego Chargers
48.1%
Arnie HerberGreen Bay Packers
46.8%

You're not logged in!

Compare scores with friends on all Sporcle quizzes.
Join for Free
OR
Log In

You Might Also Like...

Show Comments

Extras

Created Jan 17, 2016ReportNominate
Tags:NFL Quiz, team

Top Quizzes Today


Score Distribution

Your Account Isn't Verified!

In order to create a playlist on Sporcle, you need to verify the email address you used during registration. Go to your Sporcle Settings to finish the process.

Report this User

Report this user for behavior that violates our Community Guidelines.

Details: